000 00386nam a2200133Ia 4500
005 20250424120333.0
008 250424s9999 xx 000 0 und d
022 _a13036343
245 0 _aTotbid dergisi: journal of the turkish society of orthopaedics and traumatology
260 _bBaycinar Tibbi yayincilik
260 _c2012
300 _ax, 202- 435 p. : ill ; 27 cm.
942 _cSR
999 _c38742
_d38742